00646nam a2200133 a 450000100100000000500170001000800410002704000250006808200150009310000630010824502290017126000830040030000290048300003054420200930062353.0110523q1940 dr c 000 | spa d aDO-SdBNPbspacBNPHU axxxbT866m1 aRepública Dominicana.bPresidente (1930-1961 : Trujillo)10aMensaje que dirige a sus compatriotas el generalísimo Doctor Rafael Leónidas Trujillo Molina. Benefactor de la patria, con motivo del décimo aniversario de haber asumido la dirección política del pueblo dominicano. aCiudad Trujillo, República Dominicana :bImprenta Listín Diario,c[1940?]. a16 p. :bretr. ;c24 cm.